000 00595nam a2200193Ia 4500
003 GCL
008 140319s9999 xx 000 0 ara d
040 _aGCL /
_cGCL
082 0 4 _a649
_bع ص
100 1 _aعبدالرحمن النجار
245 1 0 _aصحة الطفل وتغذيته /
_cعبدالرحمن النجار
300 _a176 ص
490 _aكتاب
_v0
650 0 4 _aالاطفال - تغذية
650 0 4 _aالاطفال - العناية الصحية
650 0 4 _aالاطفال - رعاية
650 0 4 _aالاطفال - مراكز الرعاية
942 _2ddc
_cBK
999 _c41871
_d41871